| 000 | 01345nam a22003857a 4500 | ||
|---|---|---|---|
| 003 | CHAP | ||
| 005 | 20220329141511.0 | ||
| 008 | 971013s1979 r 00010 d | ||
| 010 | _a69161 | ||
| 011 | _a70133 | ||
| 035 | _a79613 | ||
| 040 | _cCHAP | ||
| 090 | _aTesis | ||
| 100 | 0 | 0 |
_aFajardo Peña, Josué. _939363 |
| 245 | _aAnálisis de algunos factores fisiológicos y ambientales que afectan la eficiencia productiva en ganado Holstein | ||
| 260 |
_aChapingo, Méx. : _bEl autor, _c1979 |
||
| 300 | _a101 h. | ||
| 500 | _a33-63 | ||
| 500 | _ac.4 en bodega | ||
| 502 | _aTesis (Ing. Agrónomo esp. en Zootecnia) -- UACH. Departamento de Zootecnia | ||
| 590 |
_aALEPH _b10 _c20130110 _lUCH01 _h1407 |
||
| 590 |
_aBATCH-UPD _b10 _c20130110 _lUCH01 _h0758 |
||
| 590 |
_aBATCH-UPD _b10 _c20130410 _lUCH01 _h0436 |
||
| 590 |
_aBATCH-UPD _b10 _c20130914 _lUCH01 _h1340 |
||
| 590 |
_aCONVERSION _b10 _c20130109 _lUCH01 _h1338 |
||
| 650 | 1 | 4 |
_aGanado lechero _xEfecto del medio ambiente. _945258 |
| 650 | 1 | 4 |
_aGanado lechero _xFecundidad. _945264 |
| 650 | 1 | 4 |
_aGanado lechero _xReproducción. _945294 |
| 710 | 0 |
_aUACH. Departamento de Zootecnia. _9115904 |
|
| 901 | _aBK | ||
| 942 | _cFOLL | ||
| 949 |
_bBC _cTES _d-32502 _eTS1 _i79613 _si |
||
| 949 |
_bBC _cTES _d-96643 _eTS2 _fc.2 _i79613 _si |
||
| 949 |
_bBC _cTES _d-96644 _eTS2 _fc.3 _h21672 _i79613 _si |
||
| 999 |
_c69161 _d69161 |
||